Music Quiz

Random Music or Lyrics Quiz

Lyrics: 'Danny Says' - Ramones Quiz Stats

 Plays Quiz not verified by Sporcle

Score 0/154 Timer 07:00
0 Plays Today
Lyrics % Correct
I
96.7%
I
96.7%
says,
95.1%
Danny
93.4%
go.'
90.2%
go
90.2%
go
90.2%
and
90.2%
be
90.2%
go.
90.2%
And
90.2%
and
90.2%
and
90.2%
and
90.2%
and
90.2%
go,
90.2%
and
90.2%
be
90.2%
go.
90.2%
And
90.2%
and
90.2%
and
90.2%
and
90.2%
'We
88.5%
to
88.5%
we
88.5%
can't
88.5%
can't
88.5%
to
88.5%
we
88.5%
to
88.5%
it...
88.5%
it
88.5%
to
88.5%
it
88.5%
to
88.5%
can't
88.5%
to
88.5%
we
88.5%
to
88.5%
it...
88.5%
it
88.5%
you
86.9%
you
86.9%
you
86.9%
you
86.9%
you
86.9%
you
86.9%
gotta
85.2%
Gotta
85.2%
it's
85.2%
got
85.2%
Lyrics % Correct
it's
85.2%
got
85.2%
it's
85.2%
but
83.6%
'cause
83.6%
but
83.6%
but
83.6%
on
83.6%
no
83.6%
on
83.6%
the
83.6%
but
83.6%
but
83.6%
on
83.6%
Oh,
82%
oh-ho-ho,
82%
in
82%
in
82%
Oh,
82%
oh,
82%
Oh,
82%
oh-ho-ho,
82%
in
82%
Idaho,
80.3%
20
80.3%
below.
80.3%
wait
80.3%
with
80.3%
wait
80.3%
with
80.3%
surfin'
78.7%
me,
78.7%
me.
78.7%
me,
78.7%
me.
78.7%
Sound
77%
tomorrow.
77%
sound
77%
Sound
77%
tomorrow.
77%
sound
77%
nowhere
75.4%
out
75.4%
out
75.4%
nowhere
75.4%
nowhere
75.4%
out
75.4%
at
73.8%
record
73.8%
stores
73.8%
interviews.
73.8%
radio-oh.
73.8%
Lyrics % Correct
at
73.8%
record
73.8%
stores
73.8%
interviews.
73.8%
true,
70.5%
Hangin'
70.5%
Get
70.5%
TV.
70.5%
Hangin'
70.5%
true,
70.5%
Hangin'
70.5%
Get
70.5%
TV.
70.5%
check's
68.9%
5:02,
68.9%
about
68.9%
Sheena
68.9%
check's
68.9%
5:02,
68.9%
about
68.9%
may
67.2%
funny,
67.2%
watchin'
67.2%
Listenin'
67.2%
may
67.2%
funny,
67.2%
watchin'
67.2%
Smart
65.6%
Thinkin'
65.6%
ain't
65.6%
Christmas
65.6%
ain't
65.6%
Smart
65.6%
Thinkin'
65.6%
there
63.9%
snow.
63.9%
100-B,
62.3%
100-B,
62.3%
Baby,
60.7%
L.A.
60.7%
Baby,
60.7%
there's
59%
if
57.4%
ooooh.
44.3%
ooooh.
44.3%
Oooooh,
44.3%
oo-ooooh.
44.3%
Oooooh,
44.3%
oo-ooooh.
44.3%
whoa!
31.1%

You're not logged in!

Compare scores with friends on all Sporcle quizzes.
OR
Log In

You Might Also Like...

Show Comments

Extras

Top Quizzes Today


Score Distribution

Your Account Isn't Verified!

In order to create a playlist on Sporcle, you need to verify the email address you used during registration. Go to your Sporcle Settings to finish the process.

Report this User

Report this user for behavior that violates our Community Guidelines.

Details: